(34) - 50 villes les plus peuplées de l'Hérault (34) - Statistiques

Statistiques générales
  • Ce quiz a été pris 29 fois
  • Le résultat moyen est 21 sur 50
Statistiques - réponses
nombre d'habitant ville % Correct
310 240 Montpellier
100%
81 545 Béziers
96%
45 337 Sète
96%
29 939 Agde
92%
26 623 Lunel
80%
24 136 Frontignan
76%
6 133 Palavas-les-Flots
76%
8 440 La Grande-Motte
72%
16 522 Mauguio
72%
26 058 Castelnau-le-Lez
68%
17 351 Lattes
68%
7 251 Lodève
60%
12 669 Mèze
60%
13 328 Saint-Jean-de-Védas
60%
9 461 Clermont-l'Hérault
52%
14 055 Juvignac
52%
7 797 Pézenas
52%
10 872 Villeneuve-lès-Maguelone
52%
8 414 Marseillan
48%
9 615 Pérols
48%
6 924 Jacou
44%
10 472 Saint-Gély-du-Fesc
44%
8 588 Sérignan
44%
6 651 Gignac
40%
7 139 Balaruc-les-Bains
32%
7 447 Fabrègues
32%
7 262 Vendargues
32%
5 952 Vias
32%
9 092 Grabels
28%
9 226 Le Crès
28%
6 184 Prades-le-Lez
28%
5 804 Bédarieux
24%
7 359 Cournonterral
24%
6 427 Saint-André-de-Sangonis
24%
5 218 Saint-Clément-de-Rivière
24%
7 829 Baillargues
20%
5 261 Cazouls-lès-Béziers
20%
6 006 Clapiers
20%
5 838 Bessan
16%
6 639 Gigean
16%
6 988 Marsillargues
16%
8 431 Pignan
16%
5 517 Servian
16%
6 883 Castries
12%
5 254 Florensac
12%
6 797 Poussan
12%
5 676 Saint-Georges-d'Orques
12%
4 979 Saint-Mathieu-de-Tréviers
8%
5 608 Sauvian
8%
4 789 Maraussan
4%
Aucun quiz correspondant
Distribution des résultats
% des personnes avec chaque résultat
Percentile par nombre de réponses
Votre historique - résultats
Vous n’avez pas pris ce quiz